[Event "DVM U14w 2017"]
[Site "Neumünster GER"]
[Date "2017.12.27"]
[Round "1"]
[White "de Veer, Mara"]
[Black "Peglau, Dora"]
[Result "1-0"]
[Termination "normal"]
[Board "4.4"]
[WhiteElo "1207"]
[BlackElo "1159"]
[WhiteClock "00:01:56"]
[BlackClock "00:33:40"]
[WhiteTeam "SV SF Friedrichshagen"]
[BlackTeam "Schachzentrum Seeblick"]
[PlyCount "75"]
[WhiteFideId "16217349"]
[BlackFideId "16220005"]
[EventCountry "GER"]
[EventRounds "7"]
[EventType "team-swiss"]
[EventDate "2017.12.26"]

1. e4 {[%clk 1:30:58]} c5 {[%clk 1:30:47]} 2. Nc3 {[%clk 1:31:17]} d6 {[%clk
1:31:05]} 3. d3 {[%clk 1:31:38]} Nc6 {[%clk 1:31:18]} 4. g3 {[%clk 1:31:57]} g6
{[%clk 1:31:34]} 5. Bg2 {[%clk 1:32:10]} Bg7 {[%clk 1:31:50]} 6. Be3 {[%clk
1:32:18]} Nf6 {[%clk 1:31:49]} 7. h3 {[%clk 1:32:25]} O-O {[%clk 1:31:57]} 8.
Qd2 {[%clk 1:31:16]} Re8 {[%clk 1:31:16]} 9. Nge2 {[%clk 1:27:18]} a6 {[%clk
1:29:33]} 10. O-O {[%clk 1:27:16]} b5 {[%clk 1:29:29]} 11. a3 {[%clk 1:27:19]}
Bd7 {[%clk 1:23:10]} 12. f4 {[%clk 1:22:16]} e6 {[%clk 1:20:08]} 13. g4 {[%clk
1:16:23]} Rc8 {[%clk 1:17:28]} 14. Ng3 {[%clk 1:10:35]} Ne7 {[%clk 1:16:20]}
15. f5 {[%clk 1:06:18]} exf5 {[%clk 1:16:20]} 16. exf5 {[%clk 1:06:13]} Bc6
{[%clk 1:12:42]} 17. Nce4 {[%clk 0:57:44]} Nxe4 {[%clk 1:12:10]} 18. dxe4
{[%clk 0:54:08]} Bxb2 {[%clk 1:11:11]} 19. Ra2 {[%clk 0:53:54]} Be5 {[%clk
1:11:00]} 20. Qf2 {[%clk 0:49:15]} Bf6 {[%clk 1:07:42]} 21. g5 {[%clk 0:45:27]}
Nxf5 {[%clk 0:40:48]} 22. gxf6 {[%clk 0:39:27]} Nxg3 {[%clk 0:39:44]} 23. Qxg3
{[%clk 0:39:29]} Bxe4 {[%clk 0:39:56]} 24. Bxe4 {[%clk 0:39:09]} Rxe4 {[%clk
0:40:13]} 25. Qg5 {[%clk 0:35:54]} Qf8 {[%clk 0:39:01]} 26. h4 {[%clk 0:31:00]}
Rce8 {[%clk 0:37:22]} 27. Re1 {[%clk 0:30:03]} R8e6 {[%clk 0:36:55]} 28. c3
{[%clk 0:27:16]} Qe8 {[%clk 0:36:24]} 29. Rae2 {[%clk 0:24:42]} Rc4 {[%clk
0:34:50]} 30. Rc2 {[%clk 0:19:38]} b4 {[%clk 0:34:22]} 31. axb4 {[%clk
0:18:42]} cxb4 {[%clk 0:34:38]} 32. Ree2 {[%clk 0:05:29]} Rxc3 {[%clk 0:34:16]}
33. Rxc3 {[%clk 0:04:51]} bxc3 {[%clk 0:34:38]} 34. Kf2 {[%clk 0:04:25]} Re5
{[%clk 0:34:03]} 35. Qh6 {[%clk 0:03:28]} Rf5+ {[%clk 0:33:53]} 36. Bf4 {[%clk
0:03:23]} Qf8 {[%clk 0:33:38]} 37. Re8 {[%clk 0:01:42]} Rxf4+ {[%clk 0:33:40]}
38. Kg3 {[%clk 0:01:56]} 1-0

[Event "DVM U14w 2017"]
[Site "Neumünster GER"]
[Date "2017.12.27"]
[Round "1"]
[White "Schwegler, Jelena"]
[Black "Bui, Ngoc Han Julia"]
[Result "0-1"]
[Termination "normal"]
[Board "5.1"]
[WhiteElo "1544"]
[BlackElo "1832"]
[WhiteTeam "SK Bad Homburg"]
[BlackTeam "SG Leipzig"]
[PlyCount "72"]
[WhiteFideId "16225481"]
[BlackFideId "12977055"]
[EventCountry "GER"]
[EventRounds "7"]
[EventType "team-swiss"]
[EventDate "2017.12.26"]

1. e4 c5 2. d4 cxd4 3. c3 dxc3 4. Nxc3 e6 5. Nf3 a6 6. Bc4 Nc6 7. O-O b5 8. Bb3
Na5 9. Bc2 Bb7 10. Qe2 Ne7 11. Rd1 Ng6 12. Nd4 Be7 13. Kh1 O-O 14. f4 Nc6 15.
Nxc6 Bxc6 16. f5 Ne5 17. Bf4 Bf6 18. Qh5 g6 19. fxg6 fxg6 20. Qh3 Nc4 21. b3
Na3 22. Rac1 Nxc2 23. Rxc2 Bxc3 24. Rxc3 Qf6 25. Rf3 Bxe4 26. Rff1 e5 27. Qe3
Qc6 28. Qh3 Rxf4 29. Rg1 Bf5 30. Qe3 Re4 31. Qg3 Rc8 32. Rgf1 Rg4 33. Qf2 Rf8
34. Kg1 Rf4 35. Qe2 Bg4 36. Qxe5 Qb6+ 0-1

[Event "DVM U14w 2017"]
[Site "Neumünster GER"]
[Date "2017.12.27"]
[Round "1"]
[White "Oswald, Hannah"]
[Black "Tornay, Haizea"]
[Result "0-1"]
[Termination "normal"]
[Board "5.2"]
[WhiteElo "1637"]
[BlackElo "1320"]
[WhiteTeam "SG Leipzig"]
[BlackTeam "SK Bad Homburg"]
[PlyCount "48"]
[WhiteFideId "16214960"]
[BlackFideId "16205758"]
[EventCountry "GER"]
[EventRounds "7"]
[EventType "team-swiss"]
[EventDate "2017.12.26"]

1. e4 c6 2. d4 d5 3. Nc3 dxe4 4. Nxe4 Bf5 5. Ng3 Bg6 6. Nf3 Nd7 7. h4 h6 8. h5
Bh7 9. Bc4 e6 10. Be3 Ngf6 11. Qe2 Be7 12. O-O-O O-O 13. Ne5 Nxe5 14. dxe5 Nd5
15. Bb3 Qc7 16. Bd2 a5 17. a3 a4 18. Ba2 b5 19. f4 b4 20. Bxd5 cxd5 21. Bxb4
Bxb4 22. axb4 a3 23. bxa3 Rxa3 24. Nf1 Qc3 0-1

[Event "DVM U14w 2017"]
[Site "Neumünster GER"]
[Date "2017.12.27"]
[Round "1"]
[White "Goetz, Fenja"]
[Black "Fege, Astrid"]
[Result "1/2-1/2"]
[Termination "normal"]
[Board "5.3"]
[WhiteElo "1402"]
[BlackElo "1239"]
[WhiteTeam "SK Bad Homburg"]
[BlackTeam "SG Leipzig"]
[PlyCount "67"]
[WhiteFideId "16250516"]
[BlackFideId "16217152"]
[EventCountry "GER"]
[EventRounds "7"]
[EventType "team-swiss"]
[EventDate "2017.12.26"]

1. e4 c5 2. Nf3 d6 3. Nc3 Nf6 4. Bc4 g6 5. d3 Bg7 6. Bf4 O-O 7. O-O Nc6 8. Qd2
a6 9. a4 Rb8 10. h3 Na5 11. Ba2 b5 12. axb5 axb5 13. Bh6 Qd7 14. Bxf7+ Rxf7 15.
Bxg7 Kxg7 16. Rxa5 b4 17. Ne2 Qc7 18. Rfa1 Bd7 19. Ra7 Qc8 20. Ng5 Rf8 21. Nf4
Kg8 22. Qe3 Rb7 23. Rxb7 Qxb7 24. Qg3 e5 25. Ne2 Nh5 26. Qh4 Bc6 27. Nf3 Qg7
28. Ra6 Qd7 29. Nd2 Bb5 30. Rb6 Rd8 31. f3 Bc6 32. Qe1 Ra8 33. Nc4 Nf6 34. Nc1
1/2-1/2

[Event "DVM U14w 2017"]
[Site "Neumünster GER"]
[Date "2017.12.27"]
[Round "1"]
[White "Hausmann, Helene"]
[Black "Rahimova, Sarah"]
[Result "0-1"]
[Termination "normal"]
[Board "5.4"]
[WhiteElo "1009"]
[BlackElo "1072"]
[WhiteTeam "SG Leipzig"]
[BlackTeam "SK Bad Homburg"]
[PlyCount "74"]
[WhiteFideId "16255747"]
[BlackFideId "16255801"]
[EventCountry "GER"]
[EventRounds "7"]
[EventType "team-swiss"]
[EventDate "2017.12.26"]

1. e4 e5 2. d4 exd4 3. Qxd4 Nc6 4. Qd1 Bc5 5. Nc3 Nf6 6. Nf3 d6 7. Bf4 O-O 8.
e5 Re8 9. Qe2 Bg4 10. O-O-O Bxf3 11. Qxf3 Nxe5 12. Qg3 Kh8 13. Bd3 a6 14. Ne4
Nxd3+ 15. cxd3 Nxe4 16. dxe4 Rxe4 17. Bd2 Qf6 18. Bc3 Rc4 19. Kb1 Qf5+ 20. Ka1
f6 21. Rhe1 Bxf2 22. Qf3 Qxf3 23. gxf3 Bxe1 24. Rxe1 b5 25. Re3 b4 26. b3 Rh4
27. Be1 Rd4 28. Kb2 a5 29. a3 f5 30. axb4 axb4 31. Bf2 Rd2+ 32. Kb1 Rxf2 33. h3
g5 34. Re7 Raa2 35. Rxc7 Rae2 36. Rc2 Rxc2 37. Ka1 Rf1# 0-1

[Event "DVM U14w 2017"]
[Site "Neumünster GER"]
[Date "2017.12.27"]
[Round "1"]
[White "Garbuz, Nicole"]
[Black "Werner, Rosalie"]
[Result "1/2-1/2"]
[Termination "normal"]
[Board "6.1"]
[WhiteElo "1641"]
[BlackElo "1546"]
[WhiteTeam "SF Brackel"]
[BlackTeam "VSG 1880 Offenbach"]
[PlyCount "26"]
[WhiteFideId "12990701"]
[BlackFideId "16223748"]
[EventCountry "GER"]
[EventRounds "7"]
[EventType "team-swiss"]
[EventDate "2017.12.26"]

1. e4 d5 2. exd5 Qxd5 3. Nc3 Qd6 4. Nf3 c6 5. d4 Nf6 6. h3 Bf5 7. Ne5 Nbd7 8.
Bf4 Qb4 9. Nxd7 Bxd7 10. Qd2 Bf5 11. Be2 e6 12. O-O Be7 13. g4 Be4 1/2-1/2

[Event "DVM U14w 2017"]
[Site "Neumünster GER"]
[Date "2017.12.27"]
[Round "1"]
[White "Buchholz, Maja"]
[Black "Wastian, Mareike"]
[Result "0-1"]
[Termination "normal"]
[Board "6.2"]
[WhiteElo "1266"]
[BlackElo "1660"]
[WhiteTeam "VSG 1880 Offenbach"]
[BlackTeam "SF Brackel"]
[PlyCount "68"]
[WhiteFideId "16200500"]
[BlackFideId "12947423"]
[EventCountry "GER"]
[EventRounds "7"]
[EventType "team-swiss"]
[EventDate "2017.12.26"]

1. d4 d5 2. c4 e6 3. Nc3 c5 4. cxd5 exd5 5. Nf3 Nc6 6. dxc5 d4 7. Na4 Bxc5 8.
Bd2 Be7 9. Rc1 Nf6 10. e3 O-O 11. Bd3 Bg4 12. O-O Ne5 13. exd4 Nxd3 14. Rc3 Nb4
15. Re3 Nbd5 16. Rb3 b6 17. Re1 Rc8 18. Nc3 Qc7 19. Re5 Qc6 20. Bg5 Be6 21. Qd2
Bd6 22. Nxd5 Nxd5 23. Re4 h6 24. g3 hxg5 25. Re1 Bb4 26. Qxg5 Bxe1 27. Ne5 Qc1
28. Qh5 Nf6 29. Qh4 Bxb3 30. axb3 Bxf2+ 31. Kg2 Rc2 32. Nf3 Bxd4+ 33. Nd2 Qxd2+
34. Kf3 Qf2# 0-1

[Event "DVM U14w 2017"]
[Site "Neumünster GER"]
[Date "2017.12.27"]
[Round "1"]
[White "Bünte, Kirsten"]
[Black "Dixon, Laura Michaela"]
[Result "1-0"]
[Termination "normal"]
[Board "6.3"]
[WhiteElo "1433"]
[BlackElo "1105"]
[WhiteTeam "SF Brackel"]
[BlackTeam "VSG 1880 Offenbach"]
[PlyCount "103"]
[WhiteFideId "16200535"]
[BlackFideId "16248708"]
[EventCountry "GER"]
[EventRounds "7"]
[EventType "team-swiss"]
[EventDate "2017.12.26"]

1. d4 d5 2. c4 c6 3. e3 Nf6 4. Nc3 g6 5. Nf3 Bg7 6. Bd3 O-O 7. Qc2 Be6 8. b3
Nbd7 9. Bb2 a6 10. Ng5 b6 11. Ne2 Bh6 12. Nxe6 fxe6 13. Bxg6 hxg6 14. Qxg6+ Bg7
15. Nf4 Qe8 16. Qxe8 Nxe8 17. Nxe6 Rf6 18. Nf4 Nd6 19. cxd5 cxd5 20. Nxd5 Rf7
21. f3 e5 22. Rc1 Nb5 23. a4 Nd6 24. Kd2 exd4 25. Bxd4 Bxd4 26. exd4 a5 27. Rc6
Nc8 28. Re1 Rf8 29. Ree6 Rb8 30. Rc7 Rf7 31. Re8+ Rf8 32. Rexc8 b5 33. Rxf8+
Nxf8 34. Kc3 bxa4 35. bxa4 Rb1 36. Nf6+ Kh8 37. Rf7 Rb8 38. d5 Rc8+ 39. Kd3 Rc1
40. Rxf8+ Kg7 41. Nd7 Rd1+ 42. Kc4 Rd2 43. Rf4 Rb2 44. Kc3 Rxg2 45. Rg4+ Rxg4
46. fxg4 Kf7 47. Kd4 Ke7 48. Ne5 Kd6 49. g5 Ke7 50. g6 Kf8 51. d6 Ke8 52. g7
1-0

[Event "DVM U14w 2017"]
[Site "Neumünster GER"]
[Date "2017.12.27"]
[Round "1"]
[White "Hentschker, Josefin"]
[Black "Elier, Basmalah"]
[Result "0-1"]
[Termination "normal"]
[Board "6.4"]
[WhiteElo "1111"]
[BlackElo "959"]
[WhiteTeam "VSG 1880 Offenbach"]
[BlackTeam "SF Brackel"]
[PlyCount "164"]
[WhiteFideId "16255810"]
[BlackFideId "16223004"]
[EventCountry "GER"]
[EventRounds "7"]
[EventType "team-swiss"]
[EventDate "2017.12.26"]

1. e4 e5 2. Nf3 Nc6 3. Bc4 Bc5 4. Nc3 d6 5. h3 Na5 6. Bb3 Nxb3 7. axb3 Nf6 8.
d3 Be6 9. Bg5 h6 10. Be3 Bxe3 11. fxe3 O-O 12. O-O d5 13. exd5 Nxd5 14. Nxd5
Bxd5 15. e4 Be6 16. Nxe5 Qg5 17. Nf3 Qg3 18. Qe1 Qg6 19. Kf2 Rad8 20. Rxa7 Rd6
21. Rg1 Rc6 22. c4 b5 23. Qe3 bxc4 24. bxc4 Rb6 25. Rb1 Qf6 26. Ke2 Rxb2+ 27.
Rxb2 Qxb2+ 28. Qd2 Qb6 29. Ra1 Rd8 30. Rc1 Qb3 31. Qc3 Qa2+ 32. Rc2 Qa4 33. d4
Qa8 34. d5 Bd7 35. Rd2 c6 36. d6 c5 37. Ke3 Re8 38. Ne5 Bc8 39. Rd5 f6 40. Ng6
Kf7 41. Nh4 Bd7 42. e5 g5 43. Nf3 Qa2 44. Rxc5 Qxg2 45. Rc7 Qxh3 46. c5 Kf8 47.
Qd4 g4 48. Qf4 f5 49. Rxd7 gxf3 50. Qxf3 Rxe5+ 51. Kf2 Qxf3+ 52. Kxf3 Rxc5 53.
Rd8+ Kf7 54. d7 Ke7 55. Rc8 Rd5 56. Re8+ Kxd7 57. Re1 Kd6 58. Kf4 h5 59. Kg5
Re5 60. Rxe5 Kxe5 61. Kxh5 Ke4 62. Kh4 Kf3 63. Kh3 f4 64. Kh2 Kf2 65. Kh3 f3
66. Kh2 Ke1 67. Kg3 f2 68. Kg4 f1=Q 69. Kg5 Qf3 70. Kg6 Qd5 71. Kf6 Qe4 72. Kf7
Qe5 73. Kg6 Qf4 74. Kg7 Qf5 75. Kg8 Qd7 76. Kh8 Qe7 77. Kg8 Kf2 78. Kh8 Kf3 79.
Kg8 Kg4 80. Kh8 Kg5 81. Kg8 Kh6 82. Kh8 Qh7# 0-1

[Event "DVM U14w 2017"]
[Site "Neumünster GER"]
[Date "2017.12.27"]
[Round "1"]
[White "Bardorz, Jana"]
[Black "Meijerink, Inken"]
[Result "1-0"]
[Termination "normal"]
[Board "7.1"]
[WhiteElo "1542"]
[BlackElo "1638"]
[WhiteTeam "SK Neumarkt"]
[BlackTeam "SK Nordhorn-Blanke"]
[PlyCount "59"]
[WhiteFideId "16208897"]
[BlackFideId "16225465"]
[EventCountry "GER"]
[EventRounds "7"]
[EventType "team-swiss"]
[EventDate "2017.12.26"]

1. e4 c5 2. Nf3 Nc6 3. d4 cxd4 4. Nxd4 Nf6 5. Nc3 e5 6. Ndb5 d6 7. Bd3 a6 8.
Na3 b5 9. Ne2 Be6 10. O-O Be7 11. c4 b4 12. Nc2 O-O 13. Ne3 Nd7 14. Nd5 Bxd5
15. cxd5 Ncb8 16. Be3 Nb6 17. Rc1 N8d7 18. f4 a5 19. Ng3 exf4 20. Bxf4 Nc5 21.
Nf5 Nxd3 22. Qxd3 Nd7 23. Qg3 Bf6 24. Bxd6 Qb6+ 25. Kh1 Rfe8 26. Nh6+ Kh8 27.
Nxf7+ Kg8 28. e5 Kxf7 29. exf6 Nxf6 30. Rc7+ 1-0

[Event "DVM U14w 2017"]
[Site "Neumünster GER"]
[Date "2017.12.27"]
[Round "1"]
[White "Reichelt, Lena"]
[Black "Schilay, Maria"]
[Result "0-1"]
[Termination "normal"]
[Board "7.2"]
[WhiteElo "1495"]
[BlackElo "1331"]
[WhiteTeam "SK Nordhorn-Blanke"]
[BlackTeam "SK Neumarkt"]
[PlyCount "68"]
[WhiteFideId "12981184"]
[BlackFideId "12942979"]
[EventCountry "GER"]
[EventRounds "7"]
[EventType "team-swiss"]
[EventDate "2017.12.26"]

1. d4 d5 2. Nf3 Nf6 3. e3 e6 4. c4 c5 5. cxd5 Nxd5 6. Nc3 cxd4 7. Nxd5 Qxd5 8.
exd4 Nc6 9. a3 Be7 10. Be2 Bf6 11. Be3 O-O 12. Qd3 Rd8 13. Rd1 b6 14. Qc4 Bb7
15. Qxd5 Rxd5 16. Bc4 Rd7 17. O-O Rad8 18. Bb5 e5 19. Rc1 exd4 20. Bxc6 Bxc6
21. Bxd4 Bxd4 22. Nxd4 Bxg2 23. Kxg2 Rxd4 24. Rc7 R4d7 25. Rfc1 g6 26. Kf3 Kg7
27. Kf4 h6 28. h4 Rd4+ 29. Kg3 R8d7 30. R1c2 a5 31. R7c6 Rd3+ 32. f3 Rb3 33.
R2c3 Rxb2 34. Kh3 Rdd2 0-1

[Event "DVM U14w 2017"]
[Site "Neumünster GER"]
[Date "2017.12.27"]
[Round "1"]
[White "Burger, Daiana"]
[Black "Wolterink, Jule"]
[Result "0-1"]
[Termination "normal"]
[Board "7.3"]
[WhiteElo "973"]
[BlackElo "1299"]
[WhiteTeam "SK Neumarkt"]
[BlackTeam "SK Nordhorn-Blanke"]
[PlyCount "90"]
[WhiteFideId "16217233"]
[BlackFideId "12981206"]
[EventCountry "GER"]
[EventRounds "7"]
[EventType "team-swiss"]
[EventDate "2017.12.26"]

1. e4 e6 2. d4 d5 3. exd5 exd5 4. Bd3 Bd6 5. Nf3 Bg4 6. Be3 Ne7 7. Nbd2 Nd7 8.
c3 Bf5 9. Qc2 Bxd3 10. Qxd3 c6 11. O-O Qc7 12. Rfe1 O-O-O 13. b4 f6 14. a4 g5
15. b5 g4 16. c4 gxf3 17. Nxf3 f5 18. Bg5 Rde8 19. c5 Nxc5 20. dxc5 Bxc5 21.
Be3 Bxe3 22. Qxe3 Kb8 23. Qc5 b6 24. Qd4 c5 25. Qe5 Qxe5 26. Nxe5 d4 27. Nc6+
Nxc6 28. Rxe8+ Rxe8 29. bxc6 Kc7 30. f4 Kxc6 31. h3 Re4 32. g3 d3 33. Kf2 d2
34. Rd1 Rxa4 35. Rxd2 Rd4 36. Ra2 a5 37. Kf3 a4 38. Ra3 b5 39. g4 fxg4+ 40.
hxg4 Rb4 41. Re3 Rb3 42. f5 Rxe3+ 43. Kxe3 a3 44. f6 Kd6 45. Kf4 a2 0-1

[Event "DVM U14w 2017"]
[Site "Neumünster GER"]
[Date "2017.12.27"]
[Round "1"]
[White "Hallfarth, Luise"]
[Black "Burger, Radena"]
[Result "1-0"]
[Termination "normal"]
[Board "7.4"]
[WhiteElo "1429"]
[BlackElo "813"]
[WhiteTeam "SK Nordhorn-Blanke"]
[BlackTeam "SK Neumarkt"]
[PlyCount "111"]
[WhiteFideId "16250222"]
[BlackFideId "16217241"]
[EventCountry "GER"]
[EventRounds "7"]
[EventType "team-swiss"]
[EventDate "2017.12.26"]

1. e4 e5 2. Nf3 Nc6 3. Bc4 Nf6 4. O-O Bc5 5. d4 exd4 6. e5 O-O 7. exf6 Qxf6 8.
Bg5 Qg6 9. Re1 d6 10. Bb5 Bg4 11. Bxc6 bxc6 12. Be7 Bxf3 13. Qxf3 Rfe8 14. Nd2
d5 15. Bxc5 Qxc2 16. Nb3 d3 17. Rxe8+ Rxe8 18. Be3 Qxb2 19. Qg3 c5 20. Rf1 Qxa2
21. Nd2 c4 22. Bd4 g6 23. Qg5 c5 24. Bxc5 c3 25. Bd4 cxd2 26. Qh6 f6 27. Bxf6
Kf7 28. Qg7+ Ke6 29. Bb2 Qb3 30. Qf6+ Kd7 31. Qg7+ Re7 32. Qc3 Qxc3 33. Bxc3
Re1 34. Bxd2 Re2 35. Rd1 Kc6 36. Kf1 Kc5 37. Be3+ Kc4 38. Rd2 Kc3 39. Rxe2
dxe2+ 40. Kxe2 d4 41. Bd2+ Kc2 42. g4 d3+ 43. Ke1 a5 44. Bxa5 Kb3 45. f4 Kc4
46. f5 gxf5 47. gxf5 Kd5 48. f6 Ke6 49. Bc3 h5 50. Kd2 Kf7 51. Kxd3 Kg6 52. Ke4
Kf7 53. Kf5 Kf8 54. Kg6 Ke8 55. f7+ Kf8 56. Bb4# 1-0

[Event "DVM U14w 2017"]
[Site "Neumünster GER"]
[Date "2017.12.27"]
[Round "1"]
[White "Ziegenfuß, Antonia"]
[Black "Rothenberg, Nina"]
[Result "1-0"]
[Termination "normal"]
[Board "8.1"]
[WhiteElo "1834"]
[BlackElo "1587"]
[WhiteTeam "OSG Baden-Baden"]
[BlackTeam "TuRa Harksheide Norderstedt"]
[PlyCount "35"]
[WhiteFideId "12962554"]
[BlackFideId "16208943"]
[EventCountry "GER"]
[EventRounds "7"]
[EventType "team-swiss"]
[EventDate "2017.12.26"]

1. e4 e6 2. d4 d5 3. exd5 exd5 4. Nf3 Bd6 5. c4 dxc4 6. Bxc4 Nf6 7. O-O O-O 8.
Nc3 Nc6 9. h3 h6 10. Be3 Bf5 11. Bd3 Qd7 12. Bxf5 Qxf5 13. Nh4 Qd7 14. Qf3 Ne7
15. Bxh6 Nh7 16. Bf4 Bb4 17. Qg3 Qxd4 18. Be5 1-0

[Event "DVM U14w 2017"]
[Site "Neumünster GER"]
[Date "2017.12.27"]
[Round "1"]
[White "Löding, Sarah-Marie"]
[Black "Visvikis, Kassandra"]
[Result "0-1"]
[Termination "normal"]
[Board "8.2"]
[WhiteElo "1169"]
[BlackElo "1473"]
[WhiteTeam "TuRa Harksheide Norderstedt"]
[BlackTeam "OSG Baden-Baden"]
[PlyCount "118"]
[WhiteFideId "16245164"]
[BlackFideId "36052167"]
[EventCountry "GER"]
[EventRounds "7"]
[EventType "team-swiss"]
[EventDate "2017.12.26"]

1. e4 e5 2. Nf3 Nc6 3. Bc4 Bc5 4. b4 Bb6 5. c3 Nf6 6. d3 d6 7. Bg5 O-O 8. O-O
h6 9. Bh4 a6 10. Re1 Bg4 11. Nbd2 Nb8 12. Qc2 Nbd7 13. h3 Bh5 14. Nh2 c6 15.
Nb3 Qc7 16. d4 Bg6 17. Rad1 d5 18. Bf1 Bxe4 19. Qe2 exd4 20. Nxd4 Rfe8 21. f3
Bg6 22. Qd2 Qb8 23. c4 Bc7 24. g4 Bf4 25. Qf2 dxc4 26. Bxc4 Nb6 27. Bb3 Nfd5
28. Nf1 Rxe1 29. Rxe1 Bd3 30. Ne2 Bxe2 31. Rxe2 g5 32. Bg3 Bxg3 33. Nxg3 Qd6
34. Qd4 Qxg3+ 35. Rg2 Qe1+ 36. Kh2 Qxb4 37. Qe5 Qf4+ 38. Qxf4 Nxf4 39. Rd2 Re8
40. Kg3 Nbd5 41. h4 Ne3 42. hxg5 Nf1+ 43. Kxf4 Nxd2 44. gxh6 Nxb3 45. axb3 Re6
46. g5 c5 47. Kf5 c4 48. bxc4 a5 49. Kg4 a4 50. f4 a3 51. f5 Rc6 52. Kh5 a2 53.
g6 fxg6+ 54. fxg6 a1=Q 55. h7+ Kg7 56. h8=Q+ Kxh8 57. Kh6 Qg7+ 58. Kh5 Rxg6 59.
Kh4 Qh6# 0-1

[Event "DVM U14w 2017"]
[Site "Neumünster GER"]
[Date "2017.12.27"]
[Round "1"]
[White "Martin, Anastasia"]
[Black "Foos, Vanessa"]
[Result "1-0"]
[Termination "normal"]
[Board "8.3"]
[WhiteElo "1287"]
[BlackElo "1207"]
[WhiteTeam "OSG Baden-Baden"]
[BlackTeam "TuRa Harksheide Norderstedt"]
[PlyCount "71"]
[WhiteFideId "36098434"]
[BlackFideId "16245270"]
[EventCountry "GER"]
[EventRounds "7"]
[EventType "team-swiss"]
[EventDate "2017.12.26"]

1. e4 d5 2. exd5 Qxd5 3. Nc3 Qa5 4. Nf3 Nf6 5. d4 c6 6. Bd3 Bg4 7. O-O e6 8.
Bd2 Nbd7 9. Ne4 Qd8 10. h3 Bf5 11. Bg5 Be7 12. Qe2 Bxe4 13. Bxe4 Nxe4 14. Bxe7
Qxe7 15. Qxe4 Nf6 16. Qe5 O-O 17. Rad1 Rad8 18. c4 Rd7 19. Rd2 Rfd8 20. Rfd1
Qb4 21. b3 b6 22. Ng5 c5 23. d5 exd5 24. cxd5 c4 25. Rd4 Re8 26. Qf4 Re1+ 27.
Rxe1 Qxe1+ 28. Kh2 Qe8 29. bxc4 Nh5 30. Qe4 Qxe4 31. Rxe4 Nf6 32. Rd4 Rxd5 33.
cxd5 Nd7 34. Rc4 Nc5 35. Ne4 f6 36. Nxc5 1-0

[Event "DVM U14w 2017"]
[Site "Neumünster GER"]
[Date "2017.12.27"]
[Round "1"]
[White "Rößl, Sara"]
[Black "Nanthivarman, Merymuthu"]
[Result "0-1"]
[Termination "normal"]
[Board "8.4"]
[WhiteElo "921"]
[BlackElo "1007"]
[WhiteTeam "TuRa Harksheide Norderstedt"]
[BlackTeam "OSG Baden-Baden"]
[PlyCount "78"]
[WhiteFideId "16255828"]
[BlackFideId "16255755"]
[EventCountry "GER"]
[EventRounds "7"]
[EventType "team-swiss"]
[EventDate "2017.12.26"]

1. e4 c5 2. Nf3 Nc6 3. Bc4 g6 4. Nc3 Bg7 5. d3 Nf6 6. Bg5 O-O 7. O-O e6 8. e5
d5 9. exf6 Bxf6 10. Bxf6 Qxf6 11. Bb5 d4 12. Ne2 Bd7 13. Qd2 a6 14. Bc4 Ne5 15.
Ne1 Nxc4 16. dxc4 e5 17. Ng3 Bc6 18. Qh6 e4 19. Rd1 d3 20. cxd3 exd3 21. Rxd3
b5 22. Ne2 bxc4 23. Rh3 Qg7 24. Qh4 Bb5 25. Nc3 Bd7 26. g4 Rfe8 27. Nf3 Rab8
28. Ng5 a5 29. Rd1 Bxg4 30. Rd7 Bxd7 31. Rf3 Bc6 32. Nce4 Rxb2 33. Nd6 Re1+ 34.
Kg2 Bxf3+ 35. Kxf3 Qc3+ 36. Kf4 Qd4+ 37. Kg3 Qxf2+ 38. Kh3 Re3+ 39. Qg3 Qxh2+
0-1

[Event "DVM U14w 2017"]
[Site "Neumünster GER"]
[Date "2017.12.27"]
[Round "1"]
[White "Becker, Linda"]
[Black "Berghold, Lotta"]
[Result "1/2-1/2"]
[Termination "normal"]
[Board "9.1"]
[WhiteElo "1420"]
[BlackElo "1369"]
[WhiteTeam "SG Porz"]
[BlackTeam "SC Borussia 1920 Friedrichsfelde"]
[PlyCount "62"]
[WhiteFideId "16244753"]
[BlackFideId "16243463"]
[EventCountry "GER"]
[EventRounds "7"]
[EventType "team-swiss"]
[EventDate "2017.12.26"]

1. e4 e5 2. Nf3 Nc6 3. d4 exd4 4. Nxd4 Qh4 5. Qd3 Nf6 6. Nd2 Bc5 7. g3 Qh5 8.
Nf5 Qg6 9. Nf3 h6 10. Be3 Bxe3 11. Qxe3 O-O 12. O-O-O d6 13. Bd3 Bxf5 14. exf5
Qg4 15. h3 Qa4 16. a3 Rfe8 17. Qd2 Ne5 18. Nxe5 Rxe5 19. Rde1 Rae8 20. Rxe5
Rxe5 21. Re1 Qe8 22. Rxe5 Qxe5 23. Qe3 b6 24. Qxe5 dxe5 25. Kd2 Kf8 26. Ke3 Ke7
27. Bc4 c6 28. a4 Nd7 29. Ke4 f6 30. b4 Kd6 31. Be6 a6 1/2-1/2

[Event "DVM U14w 2017"]
[Site "Neumünster GER"]
[Date "2017.12.27"]
[Round "1"]
[White "Klühs, Isabel"]
[Black "Sinner, Joselyne"]
[Result "1/2-1/2"]
[Termination "normal"]
[Board "9.2"]
[WhiteElo "1466"]
[BlackElo "1652"]
[WhiteTeam "SC Borussia 1920 Friedrichsfelde"]
[BlackTeam "SG Porz"]
[PlyCount "122"]
[WhiteFideId "16228944"]
[BlackFideId "16210387"]
[EventCountry "GER"]
[EventRounds "7"]
[EventType "team-swiss"]
[EventDate "2017.12.26"]

1. d4 d5 2. Nf3 Nf6 3. e3 e6 4. Bd3 c5 5. c3 b6 6. Nbd2 Bb7 7. O-O Nbd7 8. b3
Qc7 9. Bb2 Bd6 10. c4 O-O 11. Qc2 e5 12. dxe5 Nxe5 13. Rfd1 Rfe8 14. Rac1 Nxd3
15. Qxd3 Ng4 16. h3 Ne5 17. Nxe5 Bxe5 18. Bxe5 Qxe5 19. Nf3 Qe6 20. cxd5 Qd6
21. e4 Rad8 22. Rd2 Qf4 23. Re1 Rd7 24. Qe3 Qc7 25. Qd3 Qd6 26. Red1 Red8 27.
Nh4 Qf6 28. Nf5 Qe5 29. Qg3 Qxg3 30. Nxg3 Rc8 31. f3 Rcd8 32. Nf5 g6 33. Ne3
Rd6 34. Nc4 R6d7 35. d6 f6 36. e5 Kf7 37. Re1 Ke6 38. exf6+ Kxf6 39. Kh2 b5 40.
Na5 Ba8 41. Red1 Ke6 42. Re1+ Kf6 43. Rc1 Rc8 44. b4 c4 45. Nb3 Rcd8 46. Nc5
Rxd6 47. Rxd6+ Rxd6 48. Re1 Rd2 49. a3 Kg5 50. Ne6+ Kh6 51. h4 Bxf3 52. Rg1 c3
53. Ng5 Bd5 54. Kh3 c2 55. Rc1 Bxg2+ 56. Kg3 Kh5 57. Nxh7 Kh6 58. Nf6 Kg7 59.
Ng4 Be4 60. Ne3 Rd3 61. Kf4 Bf5 1/2-1/2